书目信息 |
| 题名: |
微历史
|
|
| 作者: | 丁振宇 著 | |
| 分册: | 三国其实很有料 | |
| 出版信息: | 北京 北京工业大学出版社 2017.02 |
|
| 页数: | 240页 | |
| 开本: | 24cm | |
| 丛书名: | ||
| 单 册: | ||
| 中图分类: | K209 , K236.09 | |
| 科图分类: | ||
| 主题词: | 中国历史--通俗读物 , 三国时代--古代史--通俗读物 | |
| 电子资源: | ||
| ISBN: | 978-7-5639-5074-4 | |
| 000 | 00887nam0 2200265 450 | |
| 001 | 0120172131532 | |
| 005 | 20210928145123.96 | |
| 010 | @a978-7-5639-5074-4@dCNY38.00 | |
| 100 | @a20170414d2017 em y0chiy50 ea | |
| 101 | 0 | @achi |
| 102 | @aCN@b110000 | |
| 105 | @ay z 000yy | |
| 106 | @ar | |
| 200 | 1 | @a微历史@9wei li shi@i三国其实很有料@f丁振宇著 |
| 210 | @a北京@c北京工业大学出版社@d2017.02 | |
| 215 | @a240页@d24cm | |
| 330 | @a本书通过一个个的历史小故事,一段段的人物小传奇,分四章内容引领读者走进时光隧道,见微知著,管窥三国,去回味,去思索。主要内容包括:汉末乱世起风云;群雄割据天下崩;三国鼎立各逞威等。 | |
| 333 | @a历史研究者 | |
| 606 | 0 | @a中国历史@j通俗读物 |
| 606 | 0 | @a三国时代@x古代史@j通俗读物 |
| 690 | @aK209@v5 | |
| 690 | @aK236.09@v5 | |
| 701 | 0 | @a丁振宇@9ding zhen yu@4著 |
| 801 | 0 | @aCN@b人天书店@c20170414 |
| 905 | @b1075084-89@dK209@e158@f6 | |
| 微历史.三国其实很有料/丁振宇著.-北京:北京工业大学出版社,2017.02 |
| 240页;24cm |
| 使用对象:历史研究者 |
| ISBN 978-7-5639-5074-4:CNY38.00 |
| 本书通过一个个的历史小故事,一段段的人物小传奇,分四章内容引领读者走进时光隧道,见微知著,管窥三国,去回味,去思索。主要内容包括:汉末乱世起风云;群雄割据天下崩;三国鼎立各逞威等。 |
| ● |
| 相关链接 |
|
|
|
|
正题名:微历史
索取号:K209/158
 
预约/预借
| 序号 | 登录号 | 条形码 | 馆藏地/架位号 | 状态 | 备注 |
| 1 | 1075084 | 210750846 | 第二样本阅览室/ [索取号:K209/158] | 在馆 | |
| 2 | 1075085 | 210750855 | 密集书库-史法系/ [索取号:K209/158] | 在馆 | |
| 3 | 1075086 | 210750864 | 第二借阅区/ [索取号:K209/158] | 在馆 | |
| 4 | 1075087 | 210750873 | 第二借阅区/ [索取号:K209/158] | 在馆 | |
| 5 | 1075088 | 210750882 | 第二借阅区/ [索取号:K209/158] | 在馆 | |
| 6 | 1075089 | 210750891 | 第二借阅区/ [索取号:K209/158] | 在馆 |